| 000 | 009100000a22003010004500 | ||
|---|---|---|---|
| 001 | 20741 | ||
| 003 | CO-MdFUSB | ||
| 005 | 20180622165620.0 | ||
| 008 | 160915b xxu||||| |||| 00| 0 eng d | ||
| 020 | _a9778-0-8010-6611-5 | ||
| 040 |
_aCO-MdFUSB _beng _cCO-MdFUSB _dCO-MdFUSB |
||
| 041 | _aeng | ||
| 082 |
_224 _aG 251.01 _bC132s |
||
| 100 | 1 |
_aCahill, Dennis M. _eautor |
|
| 245 | 1 | 4 |
_aThe shape of preaching _b: Theory and practice in sermon design _c/ Dennis M. Cahill |
| 264 |
_aGrand Rapids, Michigan : _bBaker Books, _c2007 |
||
| 300 | _a175 páginas | ||
| 336 |
_2rdacontent _a1 _ba1 |
||
| 337 |
_2rdamedia _a2 _b5 |
||
| 338 |
_2rdacarrier _a2 _b5 |
||
| 501 | _aRústico | ||
| 505 | 0 | 0 | _aLa teoría del diseño de un sermón - Diseñando el sermón |
| 650 | 0 |
_954 _aPredicación |
|
| 650 | 7 |
_9283 _aSermones |
|
| 653 | _aPreparación del sermón | ||
| 942 | _cBK | ||
| 999 |
_c47092 _d47092 |
||